| 000 | 00861nam a2200265 a 4500 | ||
|---|---|---|---|
| 008 | |||
| 020 | _a0750677171 (hbk. ) | ||
| 049 | _aMAIN | ||
| 090 |
_aREF TS277 _bSMI |
||
| 100 | 1 | _aSmith, Peter. | |
| 245 | 1 | 0 |
_aValve Selection Handbook : _bengineering fundamentals for selecting the right valve design for every industrial flow application / _cPeter Smith and R.W. Zappe. |
| 260 |
_aOxford, : _b Gulf Professioanl Publishing, _c2004. |
||
| 300 | _a5th ed. | ||
| 300 |
_axiii, 399 p. : _bill. ; _c24cm. |
||
| 500 | _aIncludes Index. | ||
| 504 | _aIncludes bibliographical references. | ||
| 650 | _aValve design. | ||
| 650 | 1 | _aEngineering. | |
| 700 | _aZappe, R.W. | ||
| 907 |
_a.b10297339 _b13-06-11 _c30-05-11 |
||
| 003 | |||
| 005 | 20230120191432.0 | ||
| 040 | _cNUST | ||
| 942 |
_cBOOKS _kREF TS277 _mSMI |
||
| 999 |
_c101087 _d101087 |
||